[Event "IND-ch U13"]
[Site "Gujarath"]
[Date "2016.07.25"]
[Round "6"]
[White "Arnav, Tiwari"]
[Black "Polakhare, Aryan"]
[Result "1-0"]
[WhiteElo "1849"]
[BlackElo "1701"]
[PlyCount "115"]
[EventDate "2016.07.22"]
[EventType "swiss"]
[EventRounds "11"]
[EventCountry "IND"]
[SourceTitle "EXT 2017"]
[Source "ChessBase"]
[SourceDate "2016.10.25"]
[SourceVersion "1"]
[SourceVersionDate "2016.10.25"]
[SourceQuality "1"]

1. Nf3 c5 2. c4 Nf6 3. g3 Nc6 4. Bg2 g6 5. b3 Bg7 6. Bb2 0-0 7. 0-0 b6 8. d4 cxd4 9. Nxd4 Bb7 10. Nc3 Rb8 11. e4 Nxd4 12. e5 Bxg2 13. Kxg2 Nc6 14. exf6 Bxf6 15. Qf3 Rc8 16. Rad1 d6 17. Bc1 Ne5 18. Qe3 Qd7 19. Nd5 Bg7 20. Ba3 Qb7 21. Qe4 Kh8 22. f4 Nc6 23. Rf2 Rfe8 24. Nb4 b5 25. Nxc6 bxc4 26. Re2 Qxc6 27. Qxc6 Rxc6 28. Rxd6 Rcc8 29. Rd7 c3 30. Bc1 Bf6 31. Kf3 a5 32. Rc2 Kg8 33. Ra7 Ra8 34. Rxa8 Rxa8 35. Be3 Rb8 36. Ke2 e5 37. Rxc3 exf4 38. Bxf4 Re8+ 39. Re3 Rc8 40. Rd3 Kf8 41. Rd5 Rc2+ 42. Rd2 Rc6 43. Rd6 Rxd6 44. Bxd6+ Ke8 45. Bc7 Bd8 46. Bxd8 Kxd8 47. Ke3 Ke7 48. Kd4 Kd6 49. a3 f6 50. h4 h5 51. Kc4 Kc6 52. b4 axb4 53. Kxb4 Kb6 54. Kc4 Kc6 55. Kd4 Kd6 56. Ke4 Kc6 57. a4 Kc5 58. a5 1-0